| 000 | 00591nam a2200169 i 4500 | ||
|---|---|---|---|
| 001 | 22423 | ||
| 003 | ES-MaACL | ||
| 005 | 20230906152708.0 | ||
| 007 | t| | ||
| 008 | 021202s1972 sp ||||1| spa d | ||
| 245 | 0 | 0 |
_aAleaciones industriales de aluminio / _cpor J. A. García Poggio ...[et al.]. |
| 260 |
_aMadrid : _bInstituto Nacional de Técnica Aeroespacial "Esteban Terradas", _c1972. |
||
| 300 |
_a659 p. ; _c27 cm. |
||
| 700 | 1 |
_aGarcía Poggio, José Antonio. _955126 |
|
| 710 | 2 |
_aInstituto Nacional de Técnica Aeroespacial (España) _95191 |
|
| 852 |
_aES-MaACL _jC-54203 _bR.86656 |
||
| 999 |
_c22423 _d22423 |
||